|
|
|
|
| LEADER |
00000nbm0a2200000 4500 |
| 001 |
176112 |
| 005 |
20231031165225.0 |
| 029 |
0 |
0 |
|a SU
|b 79034540
|f ТПУ
|
| 035 |
|
|
|a (RuTPU)RU\TPU\book\190936
|
| 035 |
|
|
|a RU\TPU\book\174841
|
| 090 |
|
|
|a 176112
|
| 100 |
|
|
|a 20100224d1979 k y0rusy50 ca
|
| 101 |
0 |
|
|a rus
|
| 102 |
|
|
|a RU
|
| 105 |
|
|
|a a p 001zy
|
| 200 |
1 |
|
|a Разработка физических методов и систем регистрации низкочастотных биоэлектрических сигналов
|a Медицинская измерительная информационная система - ИИСМ-I для целей электроуретерографии
|e Промежуточный отчет о НИР
|f Томский политехнический институт (ТПИ) ; руководитель Д. К. Авдеева ; С. Я. Самохвалов
|
| 210 |
|
|
|a Томск
|d 1979
|
| 215 |
|
|
|a 66 л.
|
| 320 |
|
|
|a Библиогр.: с. 61-66.
|
| 610 |
1 |
|
|a отчеты о НИР
|
| 610 |
1 |
|
|a биопотенциал
|
| 610 |
1 |
|
|a электроуретерографы
|
| 610 |
1 |
|
|a хлор-серебряные электроды
|
| 610 |
1 |
|
|a медицинские измерительные системы
|
| 610 |
1 |
|
|a электродные потенциалы
|
| 610 |
1 |
|
|a дрейф
|
| 610 |
1 |
|
|a мочевыделительная система
|
| 675 |
|
|
|a 615.616(04)
|v 3
|
| 702 |
|
1 |
|a Авдеева
|b Д. К.
|4 673
|
| 702 |
|
1 |
|a Самохвалов
|b С. Я.
|4 677
|
| 712 |
0 |
2 |
|a Томский политехнический институт (ТПИ)
|c (1944-1991)
|2 stltpush
|3 (RuTPU)RU\TPU\col\1123
|4 595
|
| 801 |
|
1 |
|a RU
|b 63413507
|c 20090525
|g PSBO
|
| 801 |
|
2 |
|a RU
|b 63413507
|c 20100608
|g PSBO
|
| 942 |
|
|
|c BK
|